Zásady rozdelenia výsledku hospodárenia

Saved in:
Bibliographic Details
Main Author: Meluchová, Jitka, 1965-
Format: Book Chapter
Language:Slovak
Tags: Add Tag
No Tags, Be the first to tag this record!

MARC

LEADER 00000nla$a2200000$$$4500
001 0067258
005 20240502071815.8
041 0 |a slo 
044 |a SK 
245 1 0 |a Zásady rozdelenia výsledku hospodárenia  |c Jitka Meluchová 
100 1 |a Meluchová, Jitka, 1965-